000 00705nam a2200205Ii 4500
003 JO-AjNU
008 230605s9999||||xx |||||||||||||| ||und||
040 _aJO-AjNU
_bara
_erda
_cJO-AjNU
041 _aara
050 1 4 _aDS154.5.R5564 1991
100 3 _aتاليف الريموني، عيسى عابد,
_eauthor
_941175
245 0 0 _aالطريق الطويل الى الميثاق الوطني الأردني
264 3 1 _aعمان: د.ن، 1991
300 _a191ص
336 _atext
_btxt
_2rdacontent
337 _aunmediated
_bn
_2rdamedia
338 _avolume
_bnc
_2rdacarrier
490 0 _aنحو خطة وطنية للإنقاذ؛ 3
650 4 _aالاردن- سياسة وحكومة
_941176
999 _aA17534
_c21102
_d21102